000 00485nam a22001817a 4500
999 _c189463
_d189463
005 20220701125129.0
010 _aPayal Dewal
020 _a8178823810
_c350.00
037 _bSurinder Kumar & Sons
082 _22021
100 _aPant,Renu
245 _aA Saga Of Love/
_cDr. Renu Pant
250 _a2021
260 _aDelhi
_bSurinder Kumar & Sons
270 _a30/21A-22A,Gali No.9 Vishwas Nagar,Shahadara
_bDelhi
_e110032
300 _a104p.
_c23c.m(Hb)
942 _2ddc
_cEN
_mPAN